Catálogo

La Reserva Federal : (Registro nro. 25434)

Detalles MARC
000 -LEADER
fixed length control field 01466cam a2200373 i 4500
001 - CONTROL NUMBER
control field 25434
003 - CONTROL NUMBER IDENTIFIER
control field Mx-PuUPA
005 - DATE AND TIME OF LATEST TRANSACTION
control field 20260108091035.0
008 - FIXED-LENGTH DATA ELEMENTS--GENERAL INFORMATION
fixed length control field 140415s2003 mx gr 000 0 spa d
017 ## - COPYRIGHT OR LEGAL DEPOSIT NUMBER
Copyright or legal deposit number M.43.401-2003
020 ## - INTERNATIONAL STANDARD BOOK NUMBER
International Standard Book Number 9706516670
Qualifying information pasta dura
040 ## - CATALOGING SOURCE
Transcribing agency Mx-PuUPA
Original cataloging agency Mx-PuUPA
Language of cataloging spa
Modifying agency Mx-PuUPA
Description conventions rda
041 1# - LANGUAGE CODE
Language code of text/sound track or separate title spa
Language code of original eng
043 ## - GEOGRAPHIC AREA CODE
Geographic area code u-us---
100 1# - MAIN ENTRY--PERSONAL NAME
Personal name Mayer, Martin,
Dates associated with a name 1928-2019
9 (RLIN) 17619
Relator term autor
240 14 - UNIFORM TITLE
Uniform title The fed.
Language of a work Español
245 13 - TITLE STATEMENT
Title La Reserva Federal :
Remainder of title la historia secreta de cómo la institución más poderosa del mundo maneja el mercado /
Statement of responsibility, etc. Martín Mayer, traducción de Luisa Borovsky
250 ## - EDITION STATEMENT
Edition statement Primera edición /
Remainder of edition statement octubre
264 #1 - PRODUCTION, PUBLICATION, DISTRIBUTION, MANUFACTURE, AND COPYRIGHT NOTICE
Place of production, publication, distribution, manufacture México, D.F. :
Name of producer, publisher, distributor, manufacturer Editorial Océano de México,
Date of production, publication, distribution, manufacture, or copyright notice 2003
300 ## - PHYSICAL DESCRIPTION
Extent 330 páginas ;
Dimensions 24 cm
336 ## - CONTENT TYPE
Fuente rdacontent
Content type term texto
Content type code txt
337 ## - MEDIA TYPE
Source rdamedia
Media type term sin medio
Media type code n
338 ## - CARRIER TYPE
Source rdacarrier
Carrier type term volumen
Carrier type code nc
490 0# - SERIES STATEMENT
Series statement Colección Economía y Finanzas ;
Volume/sequential designation 8
610 2# - SUBJECT ADDED ENTRY--CORPORATE NAME
Corporate name or jurisdiction name as entry element Junta de gobernadores del sistema de la Reserva Federal (Estados Unidos)
650 #7 - SUBJECT ADDED ENTRY--TOPICAL TERM
Source of heading or term armarc
Topical term or geographic name entry element Política monetaria
Geographic subdivision Estados Unidos
650 #7 - SUBJECT ADDED ENTRY--TOPICAL TERM
Source of heading or term armarc
Topical term or geographic name entry element Bolsa de valores
Geographic subdivision Estados Unidos
700 1# - ADDED ENTRY--PERSONAL NAME
Personal name Borovsky, Luisa,
Relator term traductor
765 0# - ORIGINAL LANGUAGE ENTRY
Relationship information Traducción de (obra):
Main entry heading Mayer, Martin, 1928-2019
Title The fed.
942 ## - ADDED ENTRY ELEMENTS (KOHA)
Source of classification or shelving scheme Dewey Decimal Classification
Koha item type Libro
Classification part 332.110973
Item part M4618
Existencias
Withdrawn status Lost status Source of classification or shelving scheme Damaged status Not for loan Collection code Home library Current library Shelving location Date acquired Source of acquisition Total Checkouts Full call number Barcode Date last seen Price effective from Koha item type
    Dewey Decimal Classification     General Biblioteca Karol Wojtyla Biblioteca Karol Wojtyla Sala general 03/12/2013 Donación   332.110973 M4618 2003 49199 19/01/2026 03/12/2013 Libro